000 00598nam a2200205Ia 4500
005 20250508151103.0
008 008 250505s9999 xx 000 0 eng d
037 _aTextual
040 _aFEDL
_beng
_cFEDL
041 _aeng
_2eng
084 _a372.3, TAH
_qFEDL
100 _aTahir S A
_9758385
245 0 _aKitchen- gardening and agriculture : Organization
260 _aBombay, India
_bThe Education Section
_c1950
300 _a76p
490 _aBasic education series
650 _aTeaching Teachnique
_9756743
942 _cTEXL
_h372.3, TAH
999 _c1327510
_d1327510